Business bankruptcy, liquidation & administration: law and accounting in Tanzania/
محفوظ في:
| المؤلف الرئيسي: | |
|---|---|
| مؤلفون آخرون: | , |
| التنسيق: | كتاب |
| منشور في: |
Dar es Salaam:
National Board of Accountants and Auditors (NBAA),
c2012.
|
| الموضوعات: | |
| الوسوم: |
إضافة وسم
لا توجد وسوم, كن أول من يضع وسما على هذه التسجيلة!
|
MARC
| LEADER | 00000nam a22000007a 4500 | ||
|---|---|---|---|
| 005 | 20260313073523.0 | ||
| 020 | |a 9789987953929 |c TZS 50,000/= | ||
| 040 | |a MCCL |b eng. |e AACR 2nd rev. ed. | ||
| 082 | |a 346.678078 NAT | ||
| 100 | |a National Board of Accountants and Auditors (NBAA) | ||
| 245 | |a Business bankruptcy, liquidation & administration: |b law and accounting in Tanzania/ |c National Board of Accountants and Auditors (NBAA), Bakar Bakar and John Lyanga | ||
| 260 | |a Dar es Salaam: |b National Board of Accountants and Auditors (NBAA), |c c2012. | ||
| 300 | |a xiii,427p.: |b ill.; |c 26 cm. | ||
| 546 | |a eng. | ||
| 650 | |a Bankruptcy | ||
| 650 | |a Company liquidation | ||
| 650 | |a Restructuring and reorganization | ||
| 700 | |a Lyanga, John |c (Author) | ||
| 700 | |a Bakar, Bakar |c (Author) | ||
| 942 | |c BK | ||
| 999 | |c 12129 |d 12129 | ||